000 00741 a2200217 4500
001 31578
005 20260407155620.0
008 260407a1962 arg spa d
003 AR-UNSa-BCEJYS
040 _aAR-UNSa-BCEJYS
_bspa
_cAR-UNSa-BCEJYS
080 _a323.37
_xFuncionarios (burocracia)
245 1 0 _aLa burocracia e la sociedad moderna
264 1 _aBuenos Aires :
_bPaidós
_c1962
300 _a120 p.
_c18 cm.
505 _a1. ¿Por que estudiar la burocracia; 2. Teoría y desarrollo de la burocrasia; 3. La burocracia en acciòn; 4. Autoridad burócratica; 5. Burocracia selecta
041 _aspa
942 _cBK
590 _aniveau_biblio:m niveau_hierar:0
100 1 _aBlau, Peter Michael
700 1 _aMasullo, Eduardo
999 _c2195
_d2195